<?xml version="1.0" encoding="UTF-8"?>
<record
    xmlns:xsi="http://www.w3.org/2001/XMLSchema-instance"
    xsi:schemaLocation="http://www.loc.gov/MARC21/slim http://www.loc.gov/standards/marcxml/schema/MARC21slim.xsd"
    xmlns="http://www.loc.gov/MARC21/slim">

  <leader>00733nam a22001337a 4500</leader>
  <datafield tag="040" ind1=" " ind2=" ">
    <subfield code="c">RUA</subfield>
  </datafield>
  <datafield tag="082" ind1=" " ind2=" ">
    <subfield code="a">VEM YOR 2014 B440 Or.1</subfield>
  </datafield>
  <datafield tag="100" ind1=" " ind2=" ">
    <subfield code="a">YORN CHOMROEUN ; &#x1799;&#x17C9;&#x1793; &#x1785;&#x17C6;&#x179A;&#x17BE;&#x1793;</subfield>
  </datafield>
  <datafield tag="245" ind1=" " ind2=" ">
    <subfield code="a">Study on gastrointestinal parasite prior slaughter in pigs at slaughter house in takmao town, kandal province, &#x179F;&#x17B7;&#x1780;&#x17D2;&#x179F;&#x17B6;&#x1796;&#x17B8;&#x1794;&#x179A;&#x17B6;&#x179F;&#x17B7;&#x178F;&#x1780;&#x17D2;&#x1793;&#x17BB;&#x1784;&#x1780;&#x17D2;&#x179A;&#x1796;&#x17C7;&#x1796;&#x17C4;&#x17C7;&#x179C;&#x17C0;&#x1793;&#x1787;&#x17D2;&#x179A;&#x17BC;&#x1780;&#x1798;&#x17BB;&#x1793;&#x1796;&#x17C1;&#x179B;&#x1796;&#x17B7;&#x1783;&#x17B6;&#x178A; &#x1793;&#x17C5;&#x1791;&#x17B8;&#x179F;&#x178F;&#x17D2;&#x178F;&#x1783;&#x17B6;&#x178F; &#x1780;&#x17D2;&#x179A;&#x17BB;&#x1784;&#x178F;&#x17B6;&#x1781;&#x17D2;&#x1798;&#x17C5; &#x1781;&#x17C1;&#x178F;&#x17D2;&#x178F;&#x1780;&#x178E;&#x17D2;&#x178A;&#x17B6;&#x179B;</subfield>
  </datafield>
  <datafield tag="260" ind1=" " ind2=" ">
    <subfield code="a">Phnom Penh</subfield>
    <subfield code="b">RUA</subfield>
    <subfield code="c">2014</subfield>
  </datafield>
  <datafield tag="300" ind1=" " ind2=" ">
    <subfield code="a">x ;44p.</subfield>
    <subfield code="b">ill.</subfield>
    <subfield code="c">29cm.</subfield>
  </datafield>
  <datafield tag="856" ind1=" " ind2=" ">
    <subfield code="u">https://drive.google.com/file/d/1qcm9p7xAWK0_e-AbXM6cfh_fRESx7iky/view?usp=sharing</subfield>
  </datafield>
  <datafield tag="942" ind1=" " ind2=" ">
    <subfield code="c">VEM</subfield>
  </datafield>
  <datafield tag="999" ind1=" " ind2=" ">
    <subfield code="c">7185</subfield>
    <subfield code="d">7185</subfield>
  </datafield>
  <datafield tag="952" ind1=" " ind2=" ">
    <subfield code="0">0</subfield>
    <subfield code="1">0</subfield>
    <subfield code="2">ddc</subfield>
    <subfield code="4">0</subfield>
    <subfield code="6">VEM_YOR_2014_000000000000000_B440_OR_1</subfield>
    <subfield code="7">0</subfield>
    <subfield code="9">42077</subfield>
    <subfield code="a">LBB</subfield>
    <subfield code="b">LBB</subfield>
    <subfield code="c">B440</subfield>
    <subfield code="d">2016-02-27</subfield>
    <subfield code="o">VEM YOR 2014 B440 Or.1</subfield>
    <subfield code="p">RUA053061</subfield>
    <subfield code="r">2016-02-27</subfield>
    <subfield code="w">2016-02-27</subfield>
    <subfield code="y">VEM</subfield>
  </datafield>
  <datafield tag="952" ind1=" " ind2=" ">
    <subfield code="0">0</subfield>
    <subfield code="1">0</subfield>
    <subfield code="2">ddc</subfield>
    <subfield code="4">0</subfield>
    <subfield code="6">VEM_YOR_2014_000000000000000_B440_OR_2</subfield>
    <subfield code="7">0</subfield>
    <subfield code="9">42078</subfield>
    <subfield code="a">LBB</subfield>
    <subfield code="b">LBB</subfield>
    <subfield code="c">B440</subfield>
    <subfield code="d">2016-02-27</subfield>
    <subfield code="o">VEM YOR 2014 B440 Or.2</subfield>
    <subfield code="p">RUA052506</subfield>
    <subfield code="r">2016-02-27</subfield>
    <subfield code="w">2016-02-27</subfield>
    <subfield code="y">VEM</subfield>
  </datafield>
  <datafield tag="952" ind1=" " ind2=" ">
    <subfield code="0">0</subfield>
    <subfield code="1">0</subfield>
    <subfield code="2">ddc</subfield>
    <subfield code="4">0</subfield>
    <subfield code="6">VEM_YOR_2014_000000000000000_B440_OR_3</subfield>
    <subfield code="7">0</subfield>
    <subfield code="9">42079</subfield>
    <subfield code="a">LBB</subfield>
    <subfield code="b">LBB</subfield>
    <subfield code="c">B440</subfield>
    <subfield code="d">2016-02-27</subfield>
    <subfield code="o">VEM YOR 2014 B440 Or.3</subfield>
    <subfield code="p">RUA052623</subfield>
    <subfield code="r">2016-02-27</subfield>
    <subfield code="w">2016-02-27</subfield>
    <subfield code="y">VEM</subfield>
  </datafield>
  <datafield tag="952" ind1=" " ind2=" ">
    <subfield code="0">0</subfield>
    <subfield code="1">0</subfield>
    <subfield code="2">ddc</subfield>
    <subfield code="4">0</subfield>
    <subfield code="6">VEM_YOR_2014_000000000000000_B440_OR_4</subfield>
    <subfield code="7">0</subfield>
    <subfield code="9">42080</subfield>
    <subfield code="a">LBB</subfield>
    <subfield code="b">LBB</subfield>
    <subfield code="c">B440</subfield>
    <subfield code="d">2016-02-27</subfield>
    <subfield code="l">1</subfield>
    <subfield code="m">2</subfield>
    <subfield code="o">VEM YOR 2014 B440 Or.4</subfield>
    <subfield code="p">RUA053264</subfield>
    <subfield code="r">2017-07-31</subfield>
    <subfield code="s">2017-02-08</subfield>
    <subfield code="w">2016-02-27</subfield>
    <subfield code="y">VEM</subfield>
  </datafield>
  <datafield tag="952" ind1=" " ind2=" ">
    <subfield code="0">0</subfield>
    <subfield code="1">0</subfield>
    <subfield code="2">ddc</subfield>
    <subfield code="4">0</subfield>
    <subfield code="6">VEM_YOR_2014_000000000000000_B440_OR_5</subfield>
    <subfield code="7">0</subfield>
    <subfield code="9">42081</subfield>
    <subfield code="a">LBB</subfield>
    <subfield code="b">LBB</subfield>
    <subfield code="c">B440</subfield>
    <subfield code="d">2016-02-27</subfield>
    <subfield code="l">2</subfield>
    <subfield code="o">VEM YOR 2014 B440 Or.5</subfield>
    <subfield code="p">RUA052447</subfield>
    <subfield code="r">2022-05-25</subfield>
    <subfield code="s">2022-05-13</subfield>
    <subfield code="w">2016-02-27</subfield>
    <subfield code="y">VEM</subfield>
  </datafield>
  <datafield tag="952" ind1=" " ind2=" ">
    <subfield code="0">0</subfield>
    <subfield code="1">0</subfield>
    <subfield code="2">ddc</subfield>
    <subfield code="4">0</subfield>
    <subfield code="6">VEM_YOR_2014_000000000000000_B440_OR_6</subfield>
    <subfield code="7">0</subfield>
    <subfield code="9">42082</subfield>
    <subfield code="a">LBB</subfield>
    <subfield code="b">LBB</subfield>
    <subfield code="c">B440</subfield>
    <subfield code="d">2016-02-27</subfield>
    <subfield code="l">1</subfield>
    <subfield code="o">VEM YOR 2014 B440 Or.6</subfield>
    <subfield code="p">RUA053262</subfield>
    <subfield code="r">2017-01-04</subfield>
    <subfield code="s">2016-12-20</subfield>
    <subfield code="w">2016-02-27</subfield>
    <subfield code="y">VEM</subfield>
  </datafield>
  <datafield tag="952" ind1=" " ind2=" ">
    <subfield code="0">0</subfield>
    <subfield code="1">0</subfield>
    <subfield code="2">ddc</subfield>
    <subfield code="4">0</subfield>
    <subfield code="6">VEM_YOR_2014_000000000000000_B440_OR_7</subfield>
    <subfield code="7">0</subfield>
    <subfield code="9">42083</subfield>
    <subfield code="a">LBB</subfield>
    <subfield code="b">LBB</subfield>
    <subfield code="c">B440</subfield>
    <subfield code="d">2016-02-27</subfield>
    <subfield code="l">1</subfield>
    <subfield code="o">VEM YOR 2014 B440 Or.7</subfield>
    <subfield code="p">RUA053361</subfield>
    <subfield code="r">2018-05-30</subfield>
    <subfield code="s">2018-05-21</subfield>
    <subfield code="w">2016-02-27</subfield>
    <subfield code="y">VEM</subfield>
  </datafield>
</record>
